00297nam a2200121Ia 4500008004100000041000800041082001200049100001800061245002200079260003800101300002900139365000700168240624s9999 xx 000 0 und d aeng a332 JUT aJUTUR SHARATH aFINANCIAL BUBBLES c2005aHyderabadbICFAI University av, : 317 : p. : cm. ; 23 cRS